The Entrepreneurial State Debunking Public vs. Private Sector Myths

Salvato in:
Dettagli Bibliografici
Autore principale: Mazzucato, Mariana
Natura: Libro
Lingua:inglese
Pubblicazione: New York PublicAffairs 2018
Soggetti:
Tags: Aggiungi Tag
Nessun Tag, puoi essere il primo ad aggiungerne!!

MARC

LEADER 00000nam a2200000 4500
001 0296269
005 20240416113829.0
020 |a 978-1-61039-613-4 
041 0 |a eng 
044 |a US 
245 1 0 |a The Entrepreneurial State  |b Debunking Public vs. Private Sector Myths  |c Mariana Mazzucato 
264 1 |a New York  |b PublicAffairs  |c 2018 
300 |a 260 s. 
610 2 0 |a štát 
610 2 0 |a podnikanie štátne 
610 2 0 |a riadenie hospodárske 
610 2 0 |a inovácie technologické 
610 2 0 |a výskum 
610 2 0 |a sektor verejný 
610 2 0 |a správa verejná 
610 2 0 |a sektor súkromný 
100 1 |a Mazzucato, Mariana